书目信息 |
| 题名: |
中华名人书斋大观
|
|
| 作者: | 杜产明 , 朱亚夫 编著 | |
| 分册: | ||
| 出版信息: | 上海 汉语大词典出版社 1997.09 |
|
| 页数: | 572页 | |
| 开本: | 32开 | |
| 丛书名: | ||
| 单 册: | ||
| 中图分类: | K878.2 | |
| 科图分类: | ||
| 主题词: | 文物--考古--中国 | |
| 电子资源: | ||
| ISBN: | 7-5432-0266-2 | |
| 000 | 00620nam0 2200205 45 | |
| 001 | 0012060818 | |
| 005 | 20001206083935.8 | |
| 010 | @a7-5432-0266-2@d30.00元 | |
| 100 | @a20001206d1997 km y0chiy0120 ea | |
| 101 | 0 | @achi |
| 105 | @a z 000yy | |
| 200 | 1 | @a中华名人书斋大观@AZhong Hua Ming Ren Shu Zhai Da Guan@f杜产明,朱亚夫编著@FDu Chan Ming,Zhu Ya Fu Bian Zhu |
| 210 | @a上海@c汉语大词典出版社@d1997.09 | |
| 215 | @a572页@d32开 | |
| 606 | 0 | @a文物@x考古@x中国 |
| 690 | @aK878.2@v3 | |
| 701 | 0 | @a杜产明@4编著 |
| 701 | 0 | @a朱亚夫@4编著 |
| 801 | @aCN@bPftUser@c20001206 | |
| 905 | @a?b514525-526@dK878.2@eD523@f2 | |
| 中华名人书斋大观/杜产明,朱亚夫编著.-上海:汉语大词典出版社,1997.09 |
| 572页;32开 |
| ISBN 7-5432-0266-2:30.00元 |
| ● |
| 相关链接 |
|
|
|
正题名:中华名人书斋大观
索取号:K878.2/D523
 
预约/预借
| 序号 | 登录号 | 条形码 | 馆藏地/架位号 | 状态 | 备注 |
| 1 | 514525 | 205145252 | 社科库309/309社科库 9排1列4层/ [索取号:K878.2/D523] | 在馆 | |
| 2 | 514526 | 205145261 | 社科库309/309社科库 9排1列4层/ [索取号:K878.2/D523] | 在馆 |